UM Logo

Coalition government as a reflection of a nation's politics and society : (Record no. 16608)

MARC details
000 -LEADER
fixed length control field 02300cam a2200325 i 4500
001 - CONTROL NUMBER
control field 21074844
005 - DATE AND TIME OF LATEST TRANSACTION
control field 20230209164925.0
006 - FIXED-LENGTH DATA ELEMENTS--ADDITIONAL MATERIAL CHARACTERISTICS
fixed length control field m |o d |
007 - PHYSICAL DESCRIPTION FIXED FIELD--GENERAL INFORMATION
fixed length control field cr |||||||||||
008 - FIXED-LENGTH DATA ELEMENTS--GENERAL INFORMATION
fixed length control field 190711s2020 enk ob 001 0 eng
010 ## - LIBRARY OF CONGRESS CONTROL NUMBER
LC control number 2019028326
020 ## - INTERNATIONAL STANDARD BOOK NUMBER
International Standard Book Number 9780429422379
020 ## - INTERNATIONAL STANDARD BOOK NUMBER
Canceled/invalid ISBN 9781138392113
040 ## - CATALOGING SOURCE
Original cataloging agency DLC
Language of cataloging eng
Transcribing agency DLC
Description conventions rda
Modifying agency DLC
042 ## - AUTHENTICATION CODE
Authentication code pcc
050 00 - LIBRARY OF CONGRESS CALL NUMBER
Classification number JF331
082 00 - DEWEY DECIMAL CLASSIFICATION NUMBER
Classification number DC 328.369
Edition number 2021
Item number C631
245 00 - TITLE STATEMENT
Title Coalition government as a reflection of a nation's politics and society :
Remainder of title a comparative study of parliamentary parties and cabinets in 12 countries /
Statement of responsibility, etc. edited by Matt Evans.
260 ## - PUBLICATION, DISTRIBUTION, ETC. (IMPRINT)
Place of publication, distribution, etc. London :
Name of publisher, distributor, etc. Routledge ;
Date of publication, distribution, etc. ©2021.
300 ## - PHYSICAL DESCRIPTION
Extent xiii, 292 pages :
Other physical details illustrations ;
Dimensions 23 cm.
490 0# - SERIES STATEMENT
Series statement Routledge research in comparative politics
504 ## - BIBLIOGRAPHY, ETC. NOTE
Bibliography, etc Includes bibliographical references and index.
520 ## - SUMMARY, ETC.
Summary, etc. "Through examination of parliamentary governments in twelve countries, this book demonstrates the ways in which study of the parties in governing coalitions, and their parliamentary opposition, provides insight into numerous aspects of countries' cultural values, societal schisms, and the issues of greatest contention among its people. Each chapter analyses the political parties in a different country's parliament and illustrates how they represent the country's competing interests, social divisions, and public policy debates. Coalition and opposition parties are also shown to reflect each country's: political institutions, political actors, political culture, societal, geographic, and ideological rifts. In many of the countries, changes in the constellation of parties in government are emblematic of important political, social, and economic changes. This book will be essential reading for students of parliamentary government, political parties, electoral politics and, more broadly, to comparative politics"--
650 ## - SUBJECT ADDED ENTRY--TOPICAL TERM
Topical term or geographic name as entry element Comparative politics.
9 (RLIN) 47853
700 1# - ADDED ENTRY--PERSONAL NAME
Personal name Evans, Matt,
Dates associated with a name 1963-
Relator term editor.
9 (RLIN) 44248
776 08 - ADDITIONAL PHYSICAL FORM ENTRY
Relationship information Print version:
Title Coalition government as a reflection of a nation's politics and society
Place, publisher, and date of publication London ; New York : Routledge, Taylor & Francis Group, 2020.
International Standard Book Number 9781138392113
Record control number (DLC) 2019028325
906 ## - LOCAL DATA ELEMENT F, LDF (RLIN)
a 7
b cbc
c orignew
d 1
e ecip
f 20
g y-gencatlg
942 ## - ADDED ENTRY ELEMENTS (KOHA)
Source of classification or shelving scheme Dewey Decimal Classification
Koha item type Circulation
Holdings
Withdrawn status Lost status Source of classification or shelving scheme Damaged status Not for loan Collection code Home library Current library Date acquired Source of acquisition Cost, normal purchase price Total Checkouts Full call number Barcode Date last seen Copy number Price effective from Koha item type
    Dewey Decimal Classification     Circulation UM Digos College - LIC UM Digos College - LIC 02/10/2022 Purchased 5918.00   DC 328.369 C631 2021 26333 05/15/2025 1 03/02/2022 Circulation